000 00581nam a2200181 i 4500
001 85939
003 ES-MaACL
005 20230906175336.0
007 t|
008 041203s1959 sp ||||1| spa d
100 1 _aKelland, Clarence Budington.
_967749
245 1 0 _aEste es mi hijo
_b: novela /
_cClarence Budington Kelland ; [traducción del inglés por José Macías Moreno].
250 _a[1ª ed.].
260 _aBarcelona :
_bPlaneta,
_c[1959] (
_fPulcra)
300 _a285 p. ;
_c19 cm.
700 1 _aMacías Moreno, José.
_975219
852 _aES-MaACL
_jC-16127
_bR.43977
999 _c85939
_d85939